Cold region engineering proceedings of the fourth international conference (Record no. 546192)
[ view plain ]
| 000 -LEADER | |
|---|---|
| fixed length control field | 00451nam a22001457a 4500 |
| 020 ## - INTERNATIONAL STANDARD BOOK NUMBER | |
| International Standard Book Number | 100172398 |
| 082 ## - DEWEY DECIMAL CLASSIFICATION NUMBER | |
| Classification number | 624 |
| Author Mark | RYA |
| -- | L-40, P-17 |
| 100 ## - MAIN ENTRY--PERSONAL NAME | |
| Personal name | Ryan, W.L |
| 9 (RLIN) | 42274 |
| 245 ## - TITLE STATEMENT | |
| Title | Cold region engineering proceedings of the fourth international conference |
| Statement of responsibility, etc. | Ryan, W.L |
| 260 ## - PUBLICATION, DISTRIBUTION, ETC. | |
| Place of publication, distribution, etc. | New York : |
| Name of publisher, distributor, etc. | American society of Civil Engineers, |
| Date of publication, distribution, etc. | . |
| 300 ## - PHYSICAL DESCRIPTION | |
| Extent | ix, 787 p. : |
| 526 ## - STUDY PROGRAM INFORMATION NOTE | |
| Program name | 0 |
| Interest level | 0 |
| Reading level | 0 |
| Title point value | 624_000000000000000_RYA |
| 650 ## - SUBJECT ADDED ENTRY--TOPICAL TERM | |
| Topical term or geographic name entry element | MCE |
| 9 (RLIN) | 379 |
| 942 ## - ADDED ENTRY ELEMENTS (KOHA) | |
| Source of classification or shelving scheme | |
| Koha item type | Book |
| Withdrawn status | Lost status | Source of classification or shelving scheme | Damaged status | Not for loan | Permanent Location | Current Location | Date acquired | Total Checkouts | Full call number | Barcode | Date last seen | Date last checked out | Price effective from | Koha item type |
|---|---|---|---|---|---|---|---|---|---|---|---|---|---|---|
| Military College of Engineering (MCE) | Military College of Engineering (MCE) | 06/04/2014 | 1 | 624 RYA | MCE-34759 | 06/17/2014 | 06/06/2014 | 06/04/2014 | Book |
